000 00483nam a2200193Ia 4500
005 20250603144705.0
008 250603s9999 xx 000 0 und d
020 _a9780470035610
050 _aQ 342 .E54/
100 _aEngelbrecht, Andries P.
245 0 _aComputational Intelligence: an Introduction
250 _a2nd ed.
260 _aUnited States
260 _bJohn Wiley & Sons, Ltd
260 _c2007
300 _a597 p
650 _aUnited States
942 _cBK
999 _c39665
_d39665